| 000 | 00994cam a22002771 4500 | ||
|---|---|---|---|
| 001 | ne 67001326 | ||
| 003 | DLC | ||
| 005 | 20260227111833.0 | ||
| 008 | 820702s1966 ua b 000 0 arar | ||
| 010 | _ane 67001326 | ||
| 025 | _aPL480:UAR-8347 | ||
| 035 | _a(OCoLC)8570956 | ||
| 040 |
_aDLC _cTU _dTU _dOCoLC _dDLC |
||
| 042 | _apremarc | ||
| 050 | 0 | 0 |
_aLA99 _b.S53 |
| 100 | 1 | _aShalabī, Aḥmad. | |
| 245 | 1 | 0 |
_aTārīkh al-tarbiyah al-Islāmīyah, _cwaḍaʻahu bi-al-Injlīzīyah wa-tarjamahu lil-ʻArabīyah Aḥmad Shalabī. |
| 250 | _aal-Ṭabʻah 3, maʻ baʻḍ al-tanqīḥāt wa-al-ziyādāt. | ||
| 260 |
_aal-Qāhirah, _bMaktabat al-Nahḍah al-Miṣrīyah, _c1966. |
||
| 300 |
_a454 p. _c24 cm. |
||
| 490 | 0 |
_aHis, dirāsāt fī al-ḥaḍārah al-Islāmīyah, _v4 |
|
| 500 | _aCover title: History of Muslim education, By Ahmad Shalaby. | ||
| 500 | _aBased on the authors̕ thesis, Cambridge. | ||
| 504 | _aBibliography : p. [422]-433. | ||
| 650 | 0 | _aIslamic education. | |
| 999 |
_c49711 _d49711 |
||